000 00516nam a2200157 a 4500
001 000027719
005 20200930031037.0
008 110404s2004 dr a 000 0 spa d
040 _aDO-SdBNP
_bspa
_cBNPHU
082 _axxxx
_bH519
100 1 _aHenríquez, Rafael Américo
_927386
245 1 0 _aRosa de tierra :
_bselección /
_cRafael Américo Henríquez.
260 _aSan Francisco de Macoris, República Dominicana :
_bNacional
_bAngeles de Fierro,
_c[20--?].
300 _a40 p. :
_bil. ;
_c18 cm.
049 _aBNPD
999 _c27211
_d27211